|
|
|
|
| LEADER |
00000cam a2200000 7i4500 |
| 001 |
0000002022 |
| 005 |
20161031.0 |
| 008 |
070710 |
| 020 |
|
|
|a 983949676X(set)
|
| 020 |
|
|
|a 9839496778
|
| 090 |
0 |
0 |
|a JF
|b ENG
|
| 100 |
0 |
|
|a Krishnan Panikker
|
| 245 |
1 |
0 |
|a The pre-millennium bug
|c Krishnan Panikker
|
| 260 |
|
|
|a Selangor :
|b Penapro ,
|c 2005
|
| 440 |
|
|
|a A potpourri of contemporary tales
|
| 500 |
|
|
|a Children ages 7-9 years old (orange)
|
| 650 |
|
0 |
|a Detective and mystery stories English
|
| 650 |
|
0 |
|a English fiction
|
| 710 |
0 |
|
|a Series
|
| 999 |
|
|
|a 0000963790
|b Book
|c Children Collection
|e Cawangan Mersing
|
| 999 |
|
|
|a 0000963792
|b Book
|c Children Collection
|e Cawangan Pontian
|
| 999 |
|
|
|a 0000972851
|b Book
|c Children Collection
|e Perbadanan Perpustakaan Awam Johor
|
| 999 |
|
|
|a 0000972852
|b Book
|c Children Collection
|e Perbadanan Perpustakaan Awam Johor
|